| 000 | 00336nam a2200109Ia 4500 | ||
|---|---|---|---|
| 008 | 230907s9999||||xx |||||||||||||| ||und|| | ||
| 082 | _a660.297,MAT | ||
| 245 | 0 | _aMaterials for electrochemical energy conversion and storage : | |
| 260 |
_aThe American Ceramic Society, _bWesterville, Ohio : _c2002 |
||
| 300 | _ax, 260 p. : | ||
| 942 | _cBK | ||
| 999 |
_c597631 _d597631 |
||